000
00241 a2200097 4500
001
30587
100
_a
Peterson
245
_a
Determining Accountability For class room instruction
260
_a
NY
_b
Macmillan & Pub
_c
090
_c
20524
_d
20524
942
_a
NUST-CAE
_c
M
_c
11697
999
_c
265660
_d
265660